CJ50 (Record no. 81071)
[ view plain ]
| 000 -LEADER | |
|---|---|
| fixed length control field | 00843cab a22001815a 4500 |
| 001 - CONTROL NUMBER | |
| control field | L146188 |
| 008 - FIXED-LENGTH DATA ELEMENTS--GENERAL INFORMATION | |
| fixed length control field | 081215e20081119xxkd f s 000 0 eng d |
| 035 ## - SYSTEM CONTROL NUMBER | |
| System control number | (Sirsi) u146188 |
| 041 0# - LANGUAGE CODE | |
| Language code of text/sound track or separate title | eng |
| 100 1# - MAIN ENTRY--PERSONAL NAME | |
| Personal name | Stagg, James |
| 245 00 - TITLE STATEMENT | |
| Title | CJ50 |
| Remainder of title | McAlpine back on top |
| 260 ## - PUBLICATION, DISTRIBUTION, ETC. | |
| Date of publication, distribution, etc. | 2008 |
| 490 ## - SERIES STATEMENT | |
| Series statement | Contract Journal |
| Volume/sequential designation | 446 (6701) 19 November 2008, 14-15 (2) |
| 520 ## - SUMMARY, ETC. | |
| Summary, etc. | Monthly league table of new work winners, divided geographically and by sector. Sir Robert McAlpine is at the top of the table for October 2008, thanks to several commecial contracts. Kier follows, at the second position with most of its contracts in the public sector. Laing O'Rourke has the first place of the new work winners for the past twelve months. |
| 651 #4 - SUBJECT ADDED ENTRY--GEOGRAPHIC NAME | |
| Geographic name | United Kingdom |
| Chronological subdivision | |
| 690 ## - LOCAL SUBJECT ADDED ENTRY--TOPICAL TERM (OCLC, RLIN) | |
| Topical term or geographic name as entry element | PROPERTY-COMMERCIAL PROPERTY-COMMERCIAL PROPERTY MARKET |
| 942 ## - ADDED ENTRY ELEMENTS (KOHA) | |
| Suppress in OPAC | 0 |
| Withdrawn status | Lost status | Source of classification or shelving scheme | Damaged status | Not for loan | Home library | Current library | Shelving location | Date acquired | Total Checkouts | Full call number | Barcode | Date last seen | Copy number | Price effective from | Koha item type |
|---|---|---|---|---|---|---|---|---|---|---|---|---|---|---|---|
| Dewey Decimal Classification | London | London | Journal article | 15/12/2008 | L146188 | 146188-1001 | 06/08/2019 | 1 | 06/08/2019 | Journal article |